| 000 | 01376nam a2200301Ia 4500 | ||
|---|---|---|---|
| 003 | OSt | ||
| 005 | 20250801150343.0 | ||
| 008 | 191128s9999 xx 000 0 und d | ||
| 020 | _a9788466601993 | ||
| 040 |
_aCO-JMCR _cCO-JMCR |
||
| 041 | _aspa | ||
| 082 |
_aJ-C _bPULe |
||
| 100 |
_aPullman, Philip, _e autor _94772 |
||
| 245 | 0 | _aEl espantapájaros y su sirviente / | |
| 245 | 0 | _cPhilip Pullman ; ilustraciones de Peter Bailey ; traducción de Pedro Riera y Rosa Martí | |
| 250 | _a1a. Edición | ||
| 260 |
_aBogotá ; _b Ediciones B, _c2008 |
||
| 300 |
_a222 páginas ; _b ilustraciones a blanco y negro, _c 22 cm. |
||
| 440 |
_aEscritura desatada _94773 |
||
| 500 | _aA partir de 10 años | ||
| 505 | _aEl relámpago -- Los bandidos -- Un relato junto al fuego -- Actores ambulantes -- Espantapájaros de alquiler -- Serenata -- El carro del adivino -- El orgullo del regimiento | ||
| 520 | _aTengo una propuesta que hacerte. Aquí estamos los dos: tú, un joven honrado y de buen corazón, y yo, un espantapájaros con talento y espíritu emprendedor. ¿Qué me dirías si te pidiera que fueras mi sirviente? | ||
| 534 | _pThe scarecrow and his servant | ||
| 546 | _aTraducido del inglés | ||
| 650 |
_aCuentos juveniles _9607 |
||
| 700 |
_aBailey, Peter, ilustrador ; Riera S., Pedro, traductor ; Martí, Rosa, traductora _94774 |
||
| 942 |
_2ddc _cBK |
||
| 999 |
_c3792 _d3792 |
||